Jeopardy, Pokemon, edition 1 - Statistics

General Stats
  • This quiz has been taken 13 times
  • The average score is 6 of 12
Answer Stats
Question Answer % Correct
This Pokemon introduced in Generation 2 gets an DIRECT new evolution in Generation 9. Who is Dunsparce?
100%
For 7 generations, no gym had a leader bearing this type specialty. What is the Dark type?
83%
One of these Pokemon has only one Paradox form. Who is Tyranitar?
78%
This ultra-rare variant of Onix resists water but is weak to fire. What is Crystal Onix?
67%
One of these Alolan forms does not share a pre-evolution with its non-Alolan form. Who is Persian?
67%
Every city and town in Kanto follows this theme. What is colours?
60%
Every city and town in Johto follows this theme. What is plants?
60%
This world beyond an Ultra Space portal has trainer battles for you to engage in. Where is Ultra Forest?
60%
This Pokemon is trio master of 2 legendary trios. Who is Arceus?
60%
This Pokemon's Alolan form seems antithetical to the base nature of Alola. Who is Ninetales?
60%
Despite widespread rumours, the first mythical Pokemon was never under this object. What is a truck?
57%
Deserts were introduced in this generation. What is Generation 3?
57%
One of the Orange islands Ash visits has berries that turn Pokemon this colour by being eaten. What is Pink?
57%
One of these fully evolved Pokemon is an outlier. Who is Blissey?
57%
This Pokemon has the highest evolution level requirement in the entirety of Pokemon. Who is Hydreigon?
57%
You battle this Kalosian gym leader, who does not use mega evolution in the games, after a battle that involves mega evolution. Who is Wulfric?
57%
One of these Pokemon is not a Rideable Pokemon in Alola. Who is Arcanine?
44%
These 2 Pokemon are known to have exactly the same base stats in the same distribution. Who are Charizard and Typhlosion?
40%
One of these Pokemon recently gained traction in the competitive scene with its hidden ability. Who is Pelipper?
36%
This Pokemon found in Sinnoh can be found in the wild in Diamond, Pearl and Platinum, prior to obtaining the National Pokedex. Who is Croagunk?
33%
One of these Pokemon is an outlier. Who is Stakataka?
33%
This city is the second location of the Fighting Dojo back in Saffron City. Where is Malie City?
29%
This man was the "inventor" of the first legendary Pokemon in Pokedex order. Who is Mr Fuji?
17%
For major Alolan Islands, this character bears the highest position of authority. Who are the Tapus?
0%
This Ultra Beast's original world is somewhat known. Who is Celesteela?
0%
No matching quizzes found
Score Distribution
Percent of People with Each Score
Percentile by Number Answered
Your Score History
You have not taken this quiz